|
|
|
|
| LEADER |
00000nas a2200000 a 4500 |
| 001 |
vtls001313920 |
| 003 |
SK-MaSNL |
| 005 |
20260221112353.0 |
| 008 |
240130sm y0slocxr 0 slo c |
| 020 |
|
|
|a 8021008253
|c [36,00]
|
| 035 |
|
|
|a SNK000266350
|
| 040 |
|
|
|a SNK
|b slo
|c SNK
|e AACR2
|
| 044 |
|
|
|a xr
|c CZ
|
| 245 |
1 |
|
|a Scripta Facultatis scientarium naturalium Universitatis Masarykiana Brunensis
|b geology
|
| 260 |
|
|
|a Brno
|b Masaryk university
|c 1993
|
| 362 |
1 |
|
|a Vol. 23/1993
|
| 850 |
|
|
|a Slovenská národná knižnica v Martine
|
| 919 |
|
|
|a 80-210-0825-3
|
| 999 |
|
|
|c 104
|d 2034
|
| 952 |
|
|
|0 0
|1 1
|4 0
|7 0
|a SNK
|b SNK
|d 1997-12-09
|i snkV 2886/97
|l 0
|o snkČC 3180/C/23.1993
|p 17A0112196
|r 2005-01-02 00:00:00
|t P60, <06>, [BOOK], {606}
|w 2026-02-21
|y PREZ
|